000
00321nam a2200145 a 4500
005
20140414093847.0
008
100709s19uu xx 00 eng d
020
_a
7-88700-787-9
050
_a
CD 495.1
_b
K95 2009
245
_a
Kuaile hanyu.
250
_a
2009
260
_a
China.
942
_c
AVM
999
_c
109679
_d
109679